The Shrines of Tut-Ankh-Amon /

محفوظ في:

مؤلفون آخرون: Piankoff, Alexandre.

التنسيق: كتاب

اللغة: English
Ancient Egyptian

منشور في: Princeton, N.J. : Princeton University Press, 1977, c1956.

سلاسل: Bollingen series ; 40, 2.

الموضوعات:

الوسوم: إضافة وسم

لا توجد وسوم, كن أول من يضع وسما على هذه التسجيلة!

رقم الطلب: BL2430 .S5 1977

LEADER 01024cam a2200301 i 4500
001 78310474 //r92
003 OSt
005 20240715090228.0
008 780831c19771956njuaf b 000 0 eng
999 |c 58679  |d 58679 
020 |a 0691018189 
040 |c ARCE Library 
041 1 |a eng  |h egy 
043 |a f-ua--- 
050 4 |a BL2430 .S5 1977 
245 0 4 |a The Shrines of Tut-Ankh-Amon /  |c texts translated with introductions by Alexandre Piankoff ; edited by N. Rambova. 
264 1 |a Princeton, N.J. :   |b Princeton University Press,   |c 1977, c1956. 
300 |a xv, 149 p., [33] leaves of plates :  |b ill. ;  |c 22 cm. 
490 1 |a Bollingen series ;  |v 40, 2. 
504 |a Includes bibliographical references. 
600 0 0 |a Tutankhamen,  |c King of Egypt. 
650 0 |a Religious literature, Egyptian  |v Translations into English. 
650 0 |a Inscriptions, Egyptian. 
651 0 |a Egypt  |x Religion  |x Sources. 
700 1 |a Piankoff, Alexandre. 
830 0 |a Bollingen series ;  |v 40, 2. 
901 |a reviewed 
942 |2 lcc  |c BK